000
00249nam a2200097Ia 4500
001
1250091
005
20251031150849.0
008
251031s9999 xx 000 0 und d
245
0
_c
ESRA BULUT
_a
Y-6 HERKES ÖZEL HERKES GÜZEL
260
_b
ERDEM ÇOCUK
999
_c
1250091
_d
1250091